Statistiques concernant Les mots de la langue française terminés par "route"

Cliquez ici pour prendre le quiz!

Statistiques générales

  • Ce quiz a été pris 376 fois
  • Le résultat moyen est 5 sur 10

Statistiques - réponses

IndiceMot% Correct
voie rapideautoroute
98%
itinéraireroute
81%
enveloppecroûte
62%
fuitedéroute
58%
pénis (familier)biroute
50%
platchouchroute
50%
carambouillebanqueroute
37%
Bison futéinforoute
10%
établissement publicrestauroute
5%
camomille puantemaroute
3%

Distribution des résultats

Percentile par nombre de réponses

% des personnes avec chaque résultat

Votre développement - résultats

Vous n’avez pas pris ce quiz